La Universidad en el inicio de la democraci representativa en Venezuela: debate político Vs. desarrollo político /
A partir de la comprensión del surgimiento, desarrollo y transformaciones de la educación superior venezolana en el marco de la democracia representativa, el presente análisis busca ofrecer elementos para la discusión del diseño e implementación de las políticas para el sistema de educación superior...
Bewaard in:
| Hoofdauteur: | |
|---|---|
| Formaat: | Texto |
| Onderwerpen: | |
| Tags: |
Voeg label toe
Geen labels, Wees de eerste die dit record labelt!
|
MARC
| LEADER | 00000 a a2200000 04500 | ||
|---|---|---|---|
| 001 | 40562 | ||
| 003 | |||
| 040 | |||
| 100 | |a Toledo Lara, Gustavo Eduardo | ||
| 245 | |a La Universidad en el inicio de la democraci representativa en Venezuela: |b debate político Vs. desarrollo político / |c Gustavo Eduardo Toledo Lara | ||
| 500 | |a gustavotoledolara@gmail.com | ||
| 520 | |a A partir de la comprensión del surgimiento, desarrollo y transformaciones de la educación superior venezolana en el marco de la democracia representativa, el presente análisis busca ofrecer elementos para la discusión del diseño e implementación de las políticas para el sistema de educación superior, desde el acercamiento a sus antecedentes históricos y políticos; además, brindar aportes significativos par la comprensión y reconstrucción teórica sobre la dinámica del sistema de educación superior y su relevancia en el diseño de políticas educativas. | ||
| 590 | |a SJB/DICIEMBRE2011 | ||
| 650 | |a ENSEÑANZA SUPERIOR | ||
| 650 | |a POLITICAS PUBLICAS | ||
| 650 | |a DESARROLLO POLITCO | ||
| 650 | |a SOCIEDAD | ||
| 650 | |a DEMOCRACIA | ||
| 650 | |a ESTADO | ||
| 650 | |a VENEZUELA | ||
| 773 | |g volumen88, número1 (2009), páginas 107-118 | ||
| 999 | |c 25525 |d 25525 | ||
